1936 1192 1578 1950 1805 1027 1640 1217 1550 1861 1162 1819 1814 1530 1453 1385 1199 1090 1343 1680 1259 1467 1287 1437 1577 1691 1158 1567 1939 1793 1532 1780 1756 1510 1909 1248 1898 1066 1400 1021 1801 1717 1221 1932 1381 1551 1904 1645 1199 1759 1344 1276 1722 1426 1846 1100 1159 1606 1100 1541 1263 1395 1422 1826 1194 1730 1591 1780 1349 1436 1653 1842 1353 1192 1986 1936 1825 1415 1370 1869 1825 1102 1605 1729 1087 1149 1701 1552 1438 1508 1477 1673 1775 1549 1328 1709 1015 1569 1692 BCNSPRNW ULIB Ver.6.0+V

เปลี่ยนเป็นภาษาไทย

Change to English
 แสดงรายละเอียดบรรณานุกรม
  กลับหน้าหลัก

Brief Record : Get Marc (ISO 2709) : E-mail record : QR code < ปิดหน้าต่าง
LEADER : 00000nam 2200000uu 4500
001    13399125007
003     ULIB
008    160529s2557||||th 000 0 tha d
020    ^a9789744227201
060 04 ^aWS200 ส367ต
100 0  ^aสุทธิพงษ์ ปังคานนท์
245 10 ^aตำราประกอบภาพ โรคทางพันธุกรรมและความพิการแต่กำเนิดที่พบบ่อย =^bColor atlas of common genetic disorders and congenital malformations /^cสุทธิพงษ์ ปังคานนท์
250    ^aพิมพ์ครั้งที่ 1
260    ^aกรุงเทพฯ :^bสถาบันสุขภาพเด็กแห่งชาติมหาราชินี กรมการแพทย์; ,^c2557
300    ^av,292 หน้า :^bภาพประกอบ ;^c27 ซม.
650  4 ^aโรคพันธุกรรม
650  0 ^aความพิการแต่กำเนิด
650  0 ^aวิทยาศาสตร์พื้นฐาน
945    ^p650^l0^i001028
945    ^p650^l0^i001029
945    ^p650^l0^i001030
945    ^p650^l0^i001031
945    ^p650^l0^i001032
945    ^p650^l0^i001033
945    ^p650^l0^i001034
999    ^aเกษร โพธิ์สุวรรณ
รายการนี้ยังไม่มีแท็ก
คุณยังไม่ได้ล็อกอิน คุณสามารถมีกิจกรรมร่วมกับเว็บไซต์ได้ แต่ต้องล็อกอินก่อน ::
  ล็อกอิน

รายการสื่อสารสนเทศ

ลำดับที่ ประเภท เลขเรียก/บาร์โค้ด สถานที่ สถานะ
1. วิทยาศาสตร์การแพทย์ และสุขภาพ
วิทยาศาสตร์การแพทย์ และสุขภาพ
สถานะ=หนังสือเก่า
WS200 ส367ต ฉ.1 
  Barcode: 001028
ห้องสมุดวิทยาเขตสวรรค์ประชารักษ์
►ส่วนจัดเก็บหนังสือเก่า สปร
บนชั้น
  ขอยืม
2. วิทยาศาสตร์การแพทย์ และสุขภาพ
วิทยาศาสตร์การแพทย์ และสุขภาพ
สถานะ=หนังสือเก่า
WS200 ส367ต ฉ.2 
  Barcode: 001029
ห้องสมุดวิทยาเขตสวรรค์ประชารักษ์
►ส่วนจัดเก็บหนังสือเก่า สปร
บนชั้น
  ขอยืม
3. วิทยาศาสตร์การแพทย์ และสุขภาพ
วิทยาศาสตร์การแพทย์ และสุขภาพ
สถานะ=หนังสือเก่า
WS200 ส367ต ฉ.3 
  Barcode: 001030
ห้องสมุดวิทยาเขตสวรรค์ประชารักษ์
►ส่วนจัดเก็บหนังสือเก่า สปร
บนชั้น
  ขอยืม
4. วิทยาศาสตร์การแพทย์ และสุขภาพ
วิทยาศาสตร์การแพทย์ และสุขภาพ
สถานะ=หนังสือเก่า
WS200 ส367ต ฉ.4 
  Barcode: 001031
ห้องสมุดวิทยาเขตสวรรค์ประชารักษ์
►ส่วนจัดเก็บหนังสือเก่า สปร
บนชั้น
  ขอยืม
5. วิทยาศาสตร์การแพทย์ และสุขภาพ
วิทยาศาสตร์การแพทย์ และสุขภาพ
สถานะ=หนังสือเก่า
WS200 ส367ต ฉ.5 
  Barcode: 001032
ห้องสมุดวิทยาเขตสวรรค์ประชารักษ์
►ส่วนจัดเก็บหนังสือเก่า สปร
บนชั้น
  ขอยืม
6. วิทยาศาสตร์การแพทย์ และสุขภาพ
วิทยาศาสตร์การแพทย์ และสุขภาพ
สถานะ=หนังสือเก่า
WS200 ส367ต ฉ.6 
  Barcode: 001033
ห้องสมุดวิทยาเขตสวรรค์ประชารักษ์
►ส่วนจัดเก็บหนังสือเก่า สปร
บนชั้น
  ขอยืม
7. วิทยาศาสตร์การแพทย์ และสุขภาพ
วิทยาศาสตร์การแพทย์ และสุขภาพ
สถานะ=หนังสือเก่า
WS200 ส367ต ฉ.7 
  Barcode: 001034
ห้องสมุดวิทยาเขตสวรรค์ประชารักษ์
►ส่วนจัดเก็บหนังสือเก่า สปร
บนชั้น
  ขอยืม

รายการใกล้เคียง
    ผู้แต่ง [สุทธิพงษ์ ปังคานนท์]

    หัวเรื่อง [โรคพันธุกรรม]
    หัวเรื่อง [ความพิการแต่กำเนิด]
    หัวเรื่อง [วิทยาศาสตร์พื้นฐาน]

BibComment


ยังไม่เคยถูกคอมเมนท์

คอมเมนท์ทรัพยากรรายการนี้
  คอมเมนท์: ตำราประกอบภาพ โร..


 Copyright 2026. Bcnsprnw @Library